[Event "Gothenburg op"]
[Site "Gothenburg"]
[Date "2019.08.16"]
[Round "1"]
[White "Vypkhaniuk, Igor"]
[Black "Gustavsson, Andreas"]
[Result "1-0"]
[WhiteElo "2405"]
[BlackElo "1865"]
[PlyCount "103"]
[EventDate "2019.08.16"]
[EventType "swiss"]
[EventRounds "8"]
[EventCountry "SWE"]
[SourceTitle "CBM 191 Extra"]
[Source "ChessBase"]
[SourceDate "2019.09.30"]
[SourceVersion "1"]
[SourceVersionDate "2019.09.30"]
[SourceQuality "1"]

1. Nf3 e6 2. c4 b6 3. g3 Bb7 4. Bg2 f5 5. 0-0 Nf6 6. d4 Be7 7. a3 a5 8. Nc3 0-0 9. d5 Na6 10. Qc2 Nc5 11. Rd1 exd5 12. Nd4 Nfe4 13. Nxd5 Nd6 14. Bf4 g6 15. Bxd6 Bxd6 16. Nb5 Ne4 17. Bxe4 fxe4 18. Nxd6 cxd6 19. Qxe4 Bc6 20. Ne7+ Kg7 21. Nxc6 dxc6 22. Qxc6 Qf6 23. Qxb6 Rab8 24. Qd4 Qxd4 25. Rxd4 Rxb2 26. Kf1 Re8 27. Re1 Re6 28. Rd5 Rc2 29. Rxa5 Rxc4 30. Rd5 Ra4 31. Rd3 d5 32. Red1 Rea6 33. Rb3 R4a5 34. Rd4 Kf6 35. Rf4+ Ke5 36. Re3+ Kd6 37. Rf6+ Kc5 38. Rxa6 Rxa6 39. Rc3+ Kd4 40. Rc7 h5 41. e3+ Kd3 42. Rd7 Kc4 43. h4 Rf6 44. Rb7 Ra6 45. Ke2 Rxa3 46. Rb6 Ra2+ 47. Kf3 Ra3 48. Kg2 d4 49. exd4 Kxd4 50. Rxg6 Ra5 51. Rg5 Ra1 52. Rxh5 1-0